|
|
|
|
| LEADER |
01628nam a2200397 a 4500 |
| 001 |
000596363 |
| 003 |
CZ BrMZK |
| 005 |
20100106101148.0 |
| 007 |
ta |
| 008 |
020423s2002 xr e c cze d |
| 015 |
|
|
|a cnb001247898
|
| 035 |
|
|
|a (OCoLC)53272298
|
| 040 |
|
|
|a BOA001
|b cze
|
| 043 |
|
|
|a e-xr---
|
| 045 |
|
|
|a x7y0
|
| 072 |
|
7 |
|a 73
|x Sochařství, keramika, porcelán, umělecké zpracování kovů
|2 Konspekt
|9 21
|
| 080 |
|
|
|a 730.036/.038
|2 MRF
|
| 080 |
|
|
|a 737.2
|2 MRF
|
| 080 |
|
|
|a 730(437.3)
|2 MRF
|
| 080 |
|
|
|a (437.3)
|2 MRF
|
| 080 |
|
|
|a (083.824)
|2 MRF
|
| 100 |
1 |
|
|a Štěpánek, Oldřich,
|d 1952-
|7 mzk2002109828
|4 aut
|
| 245 |
1 |
0 |
|a Oldřich Štěpánek :
|b sochy a plakety : [katalog výstavy] : Galerie výtvarného umění v Hodoníně, 40.4.2002-26.5.2002 /
|c [text Josef Fantura]
|
| 260 |
|
|
|a Hodonín :
|b Galerie výtvarného umění,
|c 2002
|
| 300 |
|
|
|a 1 složený list :
|b il. ;
|c 21 cm +
|e 1 volná příl.
|
| 600 |
1 |
7 |
|a Štěpánek, Oldřich,
|d 1952-
|7 mzk2002109828
|2 czenas
|
| 648 |
|
7 |
|a 20.-21. století
|7 ch462155
|2 czenas
|
| 650 |
0 |
7 |
|a české sochařství
|7 ph128152
|y 20.-21. stol.
|2 czenas
|
| 650 |
0 |
7 |
|a moderní sochařství
|7 ph122941
|z Česko
|2 czenas
|
| 650 |
0 |
7 |
|a plakety
|7 ph124083
|z Česko
|y 20.-21. stol.
|2 czenas
|
| 655 |
|
7 |
|a katalogy výstav
|7 fd132536
|2 czenas
|
| 700 |
1 |
|
|a Fantura, Josef,
|d 1955-
|7 jx20040727027
|4 wfw
|
| 910 |
|
|
|a BOA001
|b 2-1101.545
|
| 990 |
|
|
|a BK
|
| 996 |
6 |
|
|b 2610161162
|c 2-1101.545
|l MZK
|r Sklad / do 1 hodiny
|n 2
|p p.v.
|w 000596363
|u 000010
|a 1
|e BOA001
|j MZK50
|s P
|
| 996 |
7 |
|
|b 2610196060
|c 2-1101.545
|l MZK
|r Sklad / do 1 hodiny
|n 0
|p p.v.
|w 000596363
|u 000020
|a 1
|e BOA001
|j MZK50
|s A
|